• 首页
  • 本馆介绍
  • 公告通知
  • 最新文献
  • 馆藏检索
  • 电子资源
  • 读者导购
  • 参考咨询
  • 我的图书馆
  • 登录
  • 详细信息显示
  • 放入我的书架
  • 预约/预借图书
  • 作者相关作品
  • 分类相关作品
  • 丛书相关作品
  • 出版社相关作品

书目信息

  • 表格格式
  • 工作单格式
  • 卡片格式
题名:
琵琶重奏精品集
    
 
作者: 李晖 编著
分册:  
出版信息: 天津   百花文艺出版社  2013.05
页数: 128页
开本: 31cm
丛书名:
单 册:
中图分类: J648.33
科图分类:
主题词: 琵琶--重奏曲--作品集--中国 , 琵琶 , 重奏曲
电子资源:
ISBN: 978-7-5306-6295-3
000 00904nam0 2200277 450
001 012013102058
005 20130627155437.04
010    @a978-7-5306-6295-3@dCNY38.00
100    @a20130613d2013 em y0chiy0110 ea
101 0  @achi
102    @aCN@b120000
105    @ag z 000yy
106    @ar
200 1  @a琵琶重奏精品集@9pi pa chong zou jing pin ji@f李晖编著
210    @a天津@c百花文艺出版社@d2013.05
215    @a128页@d31cm
300    @a本著作获得“中央音乐学院科研资助计划”出版资助 中央音乐学院琵琶重奏课教材
330    @a本书收录了阳春白雪;春江花月夜;三六;龙船;行街;霸王卸甲;远方的客人请您留下来;送我一支玫瑰花;江南春;天山之春等内容。
333    @a琵琶爱好者
606 0  @a琵琶@x重奏曲@x作品集@y中国
606 0  @a琵琶
606 0  @a重奏曲
690    @aJ648.33@v5
701  0 @a李晖@9li hui@4编著
801  0 @aCN@b人天书店@c20130613
905    @b546940-43@dJ648.33@e167@f4
    
    琵琶重奏精品集/李晖编著.-天津:百花文艺出版社,2013.05
    128页;31cm
    本著作获得“中央音乐学院科研资助计划”出版资助 中央音乐学院琵琶重奏课教材.-使用对象:琵琶爱好者
    
    ISBN 978-7-5306-6295-3:CNY38.00
    本书收录了阳春白雪;春江花月夜;三六;龙船;行街;霸王卸甲;远方的客人请您留下来;送我一支玫瑰花;江南春;天山之春等内容。
●
相关链接 在E读中查询图书 在五车中查询图书 在当当中查询图书 在豆瓣中查询图书


正题名:琵琶重奏精品集     索取号:J648.33/167         预约/预借

序号 登录号 条形码 馆藏地/架位号 状态 备注
1 546940   205469401   第一样本阅览室/ [索取号:J648.33/167] 在馆    
2 546941   205469410   第一借阅区/ [索取号:J648.33/167] 在馆    
3 546942   205469429   第一借阅区/ [索取号:J648.33/167] 在馆    
4 546943   205469438   第一借阅区/ [索取号:J648.33/167] 在馆    
唐山师范学院图书馆 欢迎您!
大连网信软件有限公司© 版权所有